Normal view
MARC view
- Architectural Design
Entry Topical Term
001 - CONTROL NUMBER
- control field: 20755
003 - CONTROL NUMBER IDENTIFIER
- control field: OSt
005 - DATE AND TIME OF LATEST TRANSACTION
- control field: 20220803172023.0
008 - FIXED-LENGTH DATA ELEMENTS
- fixed length control field: 220803|| aca||aabn | a|a d
040 ## - CATALOGING SOURCE
- Original cataloging agency: OSt
- Transcribing agency: OSt
150 ## - HEADING--TOPICAL TERM
- Topical term or geographic name entry element: Architectural Design
670 ## - SOURCE DATA FOUND
- Source citation: Work cat.: (OSt)13854: Leach N 20754, Anesthetics Of Architecture, 1999